| 000 | 00780cab a2200205 i 4500 | ||
|---|---|---|---|
| 001 | 768714001 | ||
| 003 | CO-MdBIC | ||
| 005 | 20230403152719.0 | ||
| 008 | 211215b ck ||||| |||| 00| 0 spa d | ||
| 022 | _a1014-9341 | ||
| 040 |
_bspa _aCO-MdFUSB _cCO-MdFUSB _dCO-MdFUSB |
||
| 041 | _aspa | ||
| 100 | 1 |
_aSuazo Jr, David _eAutor |
|
| 245 | 1 | 0 |
_aEl protestantismo en América Latina : ¿germen del cambio social? _c/ Lic. David Suazo |
| 300 |
_aNúmero 13 (Julio - Diciembre, 1993), páginas 89-94 _c; 22 cm |
||
| 650 | 0 |
_9691 _aProtestantismo _zAmérica Latina |
|
| 773 | 0 |
_tKairós _049489 _975837 _gNúmero 13 (Julio - Diciembre, 1993), páginas 89-94 _qPágina 89 |
|
| 773 | 0 |
_tKairós _049489 _961205 _gNúmero 13 (Julio - Diciembre, 1993), páginas 89-94 _qPágina 89 |
|
| 942 | _cANA | ||
| 999 |
_c51182 _d51182 |
||